[Event "SVK-ch U2300"]
[Site "Liptovsky Jan"]
[Date "2024.06.17"]
[Round "6"]
[White "Bracok, Stefan"]
[Black "Koska, Jiri"]
[Result "1/2-1/2"]
[WhiteElo "1824"]
[BlackElo "1913"]
[PlyCount "43"]
[EventDate "2024.06.15"]
[EventType "swiss"]
[EventRounds "8"]
[EventCountry "SVK"]
[SourceTitle "CB26_2024"]
[SourceDate "2024.06.26"]
[SourceVersion "1"]
[SourceVersionDate "2024.06.26"]
[SourceQuality "1"]

1. e4 e6 2. d4 d5 3. Nc3 Nf6 4. e5 Nfd7 5. f4 c5 6. Nf3 Nc6 7. Be3 Be7 8. Be2 a6 9. 0-0 b5 10. a3 Bb7 11. Qe1 f5 12. Qf2 Qb6 13. dxc5 Bxc5 14. Bxc5 Qxc5 15. Rad1 Qxf2+ 16. Rxf2 Ke7 17. Nd4 Nxd4 18. Rxd4 Nc5 19. Bf3 Rac8 20. h3 h5 21. h4 g6 22. g3 1/2-1/2

[Event "SVK-ch U2300"]
[Site "Liptovsky Jan"]
[Date "2024.06.17"]
[Round "5"]
[White "Koska, Jiri"]
[Black "Zvarik, Martin"]
[Result "0-1"]
[WhiteElo "1913"]
[BlackElo "2184"]
[PlyCount "116"]
[EventDate "2024.06.15"]
[EventType "swiss"]
[EventRounds "8"]
[EventCountry "SVK"]
[SourceTitle "CB26_2024"]
[SourceDate "2024.06.26"]
[SourceVersion "1"]
[SourceVersionDate "2024.06.26"]
[SourceQuality "1"]

1. e4 e5 2. Nf3 Nc6 3. Bc4 Bc5 4. 0-0 d6 5. c3 Qf6 6. d3 h6 7. Be3 Bb6 8. d4 Bg4 9. Bb5 Bxf3 10. Qxf3 exd4 11. Qxf6 Nxf6 12. Bxd4 Bxd4 13. cxd4 Kd8 14. Bxc6 bxc6 15. Nc3 Rb8 16. b3 Re8 17. f3 Nd7 18. Rfd1 c5 19. Rac1 Rb7 20. Ne2 Kc8 21. dxc5 Nxc5 22. Nd4 g6 23. Rc4 Rb6 24. b4 Nd7 25. Rdc1 Rb7 26. a3 Ne5 27. R4c3 Kd7 28. h3 f6 29. Nb3 Rc8 30. f4 Nf7 31. Kf2 Rb6 32. Nd4 c6 33. R1c2 Rc7 34. g4 a5 35. bxa5 Ra6 36. a4 c5 37. Nb5 Rcc6 38. Rc4 g5 39. fxg5 hxg5 40. R4c3 Ne5 41. Rb3 Rxa5 42. Nc3 Nd3+ 43. Ke3 Nb4 44. Rf2 Ke6 45. Rb1 Ra7 46. Rbf1 Rf7 47. Rd1 Ra6 48. Rdf1 Ra8 49. Rd1 Rh8 50. Rf3 Nc2+ 51. Kd3 Nd4 52. Re3 Rb7 53. a5 Ra8 54. Ra1 Rba7 55. Nd5 Nc6 56. Rf3 Ne5+ 57. Ke3 Nxf3 58. Kxf3 Rxa5 0-1

[Event "SVK-ch U2300"]
[Site "Liptovsky Jan"]
[Date "2024.06.16"]
[Round "4"]
[White "Koren, Juraj"]
[Black "Koska, Jiri"]
[Result "0-1"]
[WhiteElo "1712"]
[BlackElo "1913"]
[PlyCount "92"]
[EventDate "2024.06.15"]
[EventType "swiss"]
[EventRounds "8"]
[EventCountry "SVK"]
[SourceTitle "CB26_2024"]
[SourceDate "2024.06.26"]
[SourceVersion "1"]
[SourceVersionDate "2024.06.26"]
[SourceQuality "1"]

1. e4 e6 2. f4 d5 3. e5 c5 4. c3 Nc6 5. Nf3 Nh6 6. Be2 Nf5 7. Na3 Be7 8. 0-0 a6 9. Nc2 b5 10. d3 Bd7 11. Bd2 a5 12. b3 Qb6 13. Qe1 h5 14. Qf2 Qb7 15. Ne3 b4 16. Nxf5 exf5 17. c4 d4 18. Ng5 Bxg5 19. fxg5 g6 20. Bf3 Rc8 21. Rfe1 0-0 22. h3 Qb6 23. Bf4 Kg7 24. Qh4 Rh8 25. Qg3 Be6 26. Qf2 Rc7 27. Bh2 Rcc8 28. Bd5 Ne7 29. Qf3 Rhd8 30. Bxe6 fxe6 31. g4 hxg4 32. hxg4 Rh8 33. Re2 Rh4 34. Rg2 Rf8 35. Rf1 Rfh8 36. Rff2 Qc6 37. Qe2 fxg4 38. Rxg4 Nf5 39. Re4 Rh3 40. Qf1 R8h5 41. Rg4 Qb7 42. Rfg2 Qf3 43. Qxf3 Rxf3 44. R4g3 Nxg3 45. Rxg3 Rh3 46. Rxh3 Rxh3 0-1

[Event "SVK-ch U2300"]
[Site "Liptovsky Jan"]
[Date "2024.06.16"]
[Round "3"]
[White "Koska, Jiri"]
[Black "Zentko, Ladislav"]
[Result "1/2-1/2"]
[WhiteElo "1913"]
[BlackElo "1734"]
[PlyCount "59"]
[EventDate "2024.06.15"]
[EventType "swiss"]
[EventRounds "8"]
[EventCountry "SVK"]
[SourceTitle "CB26_2024"]
[SourceDate "2024.06.26"]
[SourceVersion "1"]
[SourceVersionDate "2024.06.26"]
[SourceQuality "1"]

1. e4 e5 2. Nf3 Nc6 3. Bc4 Bc5 4. 0-0 Nf6 5. d3 d6 6. c3 0-0 7. h3 Be6 8. Bb5 a6 9. Ba4 b5 10. Bc2 Bb6 11. Re1 h6 12. Nbd2 Re8 13. Nf1 d5 14. exd5 Qxd5 15. Be3 Rad8 16. Bxb6 cxb6 17. Ne3 Qc5 18. Qc1 b4 19. Nc4 Bxc4 20. dxc4 bxc3 21. bxc3 Qxc4 22. Qe3 Nd5 23. Qe4 Qxe4 24. Bxe4 f6 25. c4 Nde7 26. Rab1 Rb8 27. Rb2 Na5 28. Rb4 Nac6 29. Rb2 Na5 30. Rb4 1/2-1/2

[Event "SVK-ch U18/20"]
[Site "Tatralandia"]
[Date "2024.04.09"]
[Round "6"]
[White "Koska, Jiri"]
[Black "Bochnicka, Vladimir1"]
[Result "0-1"]
[WhiteElo "2024"]
[BlackElo "2421"]
[PlyCount "120"]
[EventDate "2024.04.05"]
[EventType "swiss"]
[EventRounds "9"]
[EventCountry "SVK"]
[SourceTitle "CB16_2024"]
[SourceDate "2024.04.17"]
[SourceVersion "1"]
[SourceVersionDate "2024.04.17"]
[SourceQuality "1"]

1. e4 e6 2. d3 d5 3. Nf3 dxe4 4. dxe4 Qxd1+ 5. Kxd1 Bc5 6. Bf4 Nf6 7. Bd3 Bb6 8. Ke2 Nbd7 9. a4 a5 10. Nc3 0-0 11. Nb5 c6 12. Na3 Bc5 13. Nc4 Re8 14. Rhd1 Nh5 15. Be3 e5 16. g3 Nhf6 17. Bxc5 Nxc5 18. Nd6 Re7 19. Bc4 Bg4 20. Ke3 Bh5 21. h3 Bg6 22. Ng5 h6 23. Ngxf7 Bxf7 24. Nxf7 Rxf7 25. f3 Kf8 26. Bxf7 Kxf7 27. c3 Ke6 28. Ra3 b5 29. axb5 cxb5 30. b4 Na4 31. Kf2 Nb2 32. Rb1 Nc4 33. Ra2 a4 34. Rd1 a3 35. Re2 g5 36. Ra2 Rf8 37. Ke2 h5 38. Raa1 g4 39. hxg4 hxg4 40. Rf1 gxf3+ 41. Rxf3 Rh8 42. Raf1 Nxe4 43. Kd3 Ncd2 44. Rf8 Rxf8 45. Rxf8 a2 46. Ra8 Nb3 47. Kxe4 a1Q 48. Rxa1 Nxa1 49. g4 Nc2 50. g5 Na3 51. g6 Nc4 52. g7 Kf7 53. g8Q+ Kxg8 54. Kd5 Kf7 55. Kc5 e4 56. Kxb5 e3 57. Kxc4 e2 58. Kc5 e1Q 59. c4 Ke6 60. Kb5 Kd6 0-1

[Event "SVK-ch U18/20"]
[Site "Tatralandia"]
[Date "2024.04.06"]
[Round "2"]
[White "Brnusak, Tomas"]
[Black "Koska, Jiri"]
[Result "1-0"]
[WhiteElo "2192"]
[BlackElo "2024"]
[PlyCount "105"]
[EventDate "2024.04.05"]
[EventType "swiss"]
[EventRounds "9"]
[EventCountry "SVK"]
[SourceTitle "CB16_2024"]
[SourceDate "2024.04.17"]
[SourceVersion "1"]
[SourceVersionDate "2024.04.17"]
[SourceQuality "1"]

1. c4 g6 2. g3 Bg7 3. Bg2 c5 4. Nc3 Nc6 5. Nf3 e5 6. 0-0 Nge7 7. d3 d6 8. a3 a5 9. Ne1 0-0 10. Nc2 Bd7 11. Rb1 Rb8 12. b4 axb4 13. axb4 b6 14. b5 Nd4 15. Ne3 Ne6 16. Ra1 Nc7 17. Ra7 Nc8 18. Rb7 Rxb7 19. Bxb7 Ne7 20. Qa4 Qb8 21. Bg2 Bc8 22. Bd2 Bb7 23. Ra1 Bxg2 24. Nxg2 Qb7 25. Qa7 Rb8 26. Qxb7 Rxb7 27. Ra2 f6 28. Ne3 f5 29. Nf1 Kf7 30. e4 Ke6 31. Kg2 h6 32. h4 Kf7 33. f3 Ke6 34. Ra3 fxe4 35. dxe4 Kd7 36. Ne3 Ke6 37. Ned5 Nexd5 38. exd5+ Ke7 39. Ne4 Ne8 40. Ra8 Nf6 41. Nc3 Nd7 42. g4 Kf7 43. Ne4 Bf8 44. Bxh6 Be7 45. Bg5 Rc7 46. Kh3 Nf8 47. h5 Bxg5 48. Nxg5+ Kf6 49. Kh4 Nh7 50. Ne4+ Ke7 51. hxg6 Nf6 52. Kg5 Nxe4+ 53. fxe4 1-0

[Event "Lesnica Pieniny op"]
[Site "Lesnica"]
[Date "2024.03.21"]
[Round "1"]
[White "Mirek, Szymon"]
[Black "Koska, Jiri"]
[Result "0-1"]
[WhiteElo "1707"]
[BlackElo "1966"]
[PlyCount "56"]
[EventDate "2024.03.21"]
[EventType "swiss"]
[EventRounds "7"]
[EventCountry "SVK"]
[SourceTitle "CB13_2024"]
[SourceDate "2024.03.27"]
[SourceVersion "1"]
[SourceVersionDate "2024.03.27"]
[SourceQuality "1"]

1. e4 c6 2. Nf3 d5 3. Nc3 Bg4 4. Be2 e6 5. b3 Nf6 6. d3 Bb4 7. Bd2 Qa5 8. Nb1 dxe4 9. Bxb4 Qxb4+ 10. c3 Qa5 11. b4 Qd5 12. dxe4 Qxd1+ 13. Bxd1 Nxe4 14. h3 Bh5 15. g4 Bg6 16. Ne5 Nd7 17. Nxg6 hxg6 18. Bc2 Nef6 19. f3 Ne5 20. Kf2 Rd8 21. Kg3 Ke7 22. Re1 Nc4 23. Re2 Nd5 24. a4 Rxh3+ 25. Kxh3 Nf4+ 26. Kh4 Nxe2 27. Ra2 Rh8+ 28. Kg5 Ne5 0-1

[Event "SVK-chT1E 2223"]
[Site "Slovakia"]
[Date "2023.03.11"]
[Round "10.4"]
[White "Belus, Benjamin"]
[Black "Koska, Jiri"]
[Result "0-1"]
[WhiteElo "1882"]
[BlackElo "1921"]
[PlyCount "144"]
[EventDate "2022.10.15"]
[EventType "team-tourn"]
[EventRounds "11"]
[EventCountry "SVK"]
[SourceTitle "EXT 2024"]
[Source "ChessBase"]
[SourceDate "2023.10.10"]
[SourceVersion "1"]
[SourceVersionDate "2023.10.10"]
[SourceQuality "1"]
[WhiteTeam "Kezmarok KdV"]
[BlackTeam "Humenne Reinter II"]
[WhiteTeamCountry "SVK"]
[BlackTeamCountry "SVK"]

1. c4 Nf6 2. g3 g6 3. Bg2 Bg7 4. Nf3 0-0 5. 0-0 c5 6. Nc3 Nc6 7. d3 d6 8. Bf4 e5 9. Bd2 Nh5 10. Nd5 f5 11. Ne1 f4 12. Nc2 Be6 13. Rb1 Qd7 14. a3 Bh3 15. b4 Bxg2 16. Kxg2 b6 17. Na1 Nd4 18. Nb3 Nxe2 19. f3 Nd4 20. Nxd4 cxd4 21. Qb3 Kh8 22. g4 Nf6 23. Nxf6 Bxf6 24. b5 h5 25. h3 Kg7 26. a4 Rh8 27. Rh1 Rh6 28. Rh2 Rah8 29. Rhh1 Qb7 30. gxh5 Rxh5 31. Qd1 Rg5+ 32. Kf2 Rg3 33. Qe2 Bh4 34. Qe4 Qxe4 35. dxe4 Rxh3+ 36. Ke2 Bd8 37. Rxh3 Rxh3 38. Rf1 Rh2+ 39. Kd3 Kf6 40. a5 bxa5 41. Ra1 Rf2 42. Bxa5 Bxa5 43. Rxa5 Rxf3+ 44. Kd2 Rc3 45. Rxa7 Rxc4 46. Rd7 Ke6 47. Rg7 Rb4 48. Rxg6+ Kd7 49. Rg7+ Kc8 50. Rg6 Kc7 51. Rg7+ Kb6 52. Rd7 Kc5 53. Rc7+ Kxb5 54. Rb7+ Kc5 55. Rc7+ Kb6 56. Rc8 Rb2+ 57. Ke1 Kb7 58. Rf8 Rb3 59. Rf7+ Kc6 60. Ra7 Re3+ 61. Kd2 Rxe4 62. Ra6+ Kd5 63. Ra5+ Ke6 64. Ra8 Re3 65. Rf8 f3 66. Kd1 e4 67. Rf4 Ke5 68. Rf8 Re2 69. Rf7 d3 70. Rf8 Rg2 71. Rf7 Kd4 72. Rf6 Ke5 0-1

[Event "SVK-chT2D 2223"]
[Site "Slovakia"]
[Date "2022.11.13"]
[Round "4.4"]
[White "Foglar, Ivan"]
[Black "Koska, Jiri"]
[Result "1/2-1/2"]
[WhiteElo "1979"]
[BlackElo "1921"]
[PlyCount "53"]
[EventDate "2022.10.08"]
[EventType "team-tourn"]
[EventRounds "11"]
[EventCountry "SVK"]
[SourceTitle "EXT 2024"]
[Source "ChessBase"]
[SourceDate "2023.10.10"]
[SourceVersion "1"]
[SourceVersionDate "2023.10.10"]
[SourceQuality "1"]
[WhiteTeam "Margecany"]
[BlackTeam "Bardejov BSK"]
[WhiteTeamCountry "SVK"]
[BlackTeamCountry "SVK"]

1. e4 c6 2. Nc3 d5 3. Nf3 Bg4 4. Be2 e6 5. d4 Nd7 6. 0-0 Bh5 7. Re1 dxe4 8. Nxe4 Ngf6 9. Bg5 Be7 10. Nxf6+ Nxf6 11. c3 h6 12. Bh4 0-0 13. Ne5 Bxe2 14. Qxe2 Nd5 15. Bxe7 Qxe7 16. Rad1 Rfd8 17. a3 c5 18. Qf3 Nf6 19. dxc5 Qxc5 20. h3 Qb6 21. b4 Qc7 22. Rxd8+ Rxd8 23. c4 Ne8 24. c5 Rd5 25. Qe3 b6 26. cxb6 axb6 27. f4 1/2-1/2

[Event "Pardubice rapid op 33rd"]
[Site "Pardubice"]
[Date "2022.07.21"]
[Round "5"]
[White "Koska, Jiri"]
[Black "Chrz, Pavel"]
[Result "0-1"]
[WhiteElo "1856"]
[BlackElo "1986"]
[PlyCount "92"]
[EventDate "2022.07.20"]
[EventType "swiss (rapid)"]
[EventRounds "9"]
[EventCountry "CZE"]
[SourceTitle "CBM 209 Extra"]
[Source "ChessBase"]
[SourceDate "2022.09.30"]
[SourceVersion "1"]
[SourceVersionDate "2022.09.30"]
[SourceQuality "1"]

1. Nf3 c5 2. g3 g6 3. Bg2 Bg7 4. 0-0 Nc6 5. d3 Nf6 6. c4 d5 7. Nc3 dxc4 8. dxc4 Bg4 9. Be3 Qa5 10. Qa4 0-0 11. Rac1 Rac8 12. h3 Qxa4 13. Nxa4 Bxf3 14. Bxf3 Nd4 15. Bxd4 cxd4 16. Bxb7 Rc7 17. Bg2 e5 18. Rfd1 Rfc8 19. b3 Nd7 20. Rc2 f5 21. e3 Kf8 22. exd4 exd4 23. Re2 Rd8 24. f4 Nf6 25. Kf2 d3 26. Re3 Ne4+ 27. Ke1 Re7 28. Bxe4 fxe4 29. Kf1 Bd4 30. Ree1 a5 31. Kg2 Kf7 32. Rf1 Ba7 33. Rfe1 e3 34. Nc3 e2 35. Rd2 Be3 36. Rb2 Bd4 37. Nd5 Bxb2 38. Nxe7 Kxe7 39. Kf3 Bc3 40. Rb1 e1Q 41. Rxe1+ Bxe1 42. f5 gxf5 43. g4 d2 44. gxf5 d1Q+ 45. Kf4 Rd4+ 46. Kg5 Bd2# 0-1

[Event "Pardubice rapid op 33rd"]
[Site "Pardubice"]
[Date "2022.07.20"]
[Round "2"]
[White "Zdrazil, Tomas"]
[Black "Koska, Jiri"]
[Result "0-1"]
[WhiteElo "2122"]
[BlackElo "1856"]
[PlyCount "56"]
[EventDate "2022.07.20"]
[EventType "swiss (rapid)"]
[EventRounds "9"]
[EventCountry "CZE"]
[SourceTitle "CBM 209 Extra"]
[Source "ChessBase"]
[SourceDate "2022.09.30"]
[SourceVersion "1"]
[SourceVersionDate "2022.09.30"]
[SourceQuality "1"]

1. e4 c6 2. d4 d5 3. e5 c5 4. dxc5 e6 5. a3 Bxc5 6. Nf3 Ne7 7. Bd3 Ng6 8. 0-0 Nc6 9. b4 Bb6 10. Bb2 0-0 11. g3 f6 12. Bxg6 hxg6 13. Nbd2 fxe5 14. Nxe5 Nxe5 15. Bxe5 Qg5 16. Bb2 Qf5 17. Qe2 Qxc2 18. Qe5 Rf7 19. Nf3 Qf5 20. Qxf5 gxf5 21. Rfe1 Bd7 22. Ne5 Re7 23. Nxd7 Rxd7 24. Rxe6 d4 25. Rd1 d3 26. Rd2 Rc8 27. Re1 Rc2 28. Red1 Re7 0-1

[Event "Liptovsky Jan op"]
[Site "Liptovsky Jan"]
[Date "2022.06.26"]
[Round "7"]
[White "Koska, Jiri"]
[Black "Kulich, Daniel"]
[Result "1-0"]
[WhiteElo "1804"]
[BlackElo "1665"]
[PlyCount "175"]
[EventDate "2022.06.23"]
[EventType "swiss"]
[EventRounds "7"]
[EventCountry "SVK"]
[SourceTitle "CBM 209 Extra"]
[Source "ChessBase"]
[SourceDate "2022.09.30"]
[SourceVersion "1"]
[SourceVersionDate "2022.09.30"]
[SourceQuality "1"]

1. Nf3 f5 2. g3 Nf6 3. Bg2 d5 4. 0-0 e6 5. d4 Bd6 6. e3 0-0 7. Nbd2 c6 8. c4 Bd7 9. c5 Bc7 10. Qc2 Be8 11. b4 a5 12. Rb1 Bg6 13. Nh4 b5 14. cxb6 Bxb6 15. Nxg6 hxg6 16. a3 axb4 17. axb4 Qd6 18. Nb3 Nbd7 19. Nc5 Bxc5 20. bxc5 Qc7 21. Bd2 Rfb8 22. Rxb8+ Rxb8 23. Rb1 Kf7 24. Bf1 Ne4 25. Ra1 Nxd2 26. Qxd2 Rb7 27. Ra6 Ra7 28. Qa2 Rxa6 29. Qxa6 Ke7 30. Be2 Nb8 31. Qa8 Kd7 32. g4 Ke7 33. gxf5 gxf5 34. Qa1 g6 35. Kh1 Kf6 36. Qg1 g5 37. Qg2 g4 38. Kg1 Ke7 39. h3 gxh3 40. Qg7+ Kd8 41. Qf8+ Kd7 42. Qf7+ Kc8 43. Qxe6+ Qd7 44. Qg8+ Kb7 45. Qg3 Qh7 46. Bf1 Na6 47. Bxa6+ Kxa6 48. Kh2 Qe7 49. Qb8 Ka5 50. Qb6+ Ka4 51. Qxc6+ Kb4 52. Qxd5 Qh4 53. Qf3 Qh7 54. Qxh3 Qg6 55. Qg3 Qh5+ 56. Kg2 Qf7 57. c6 Qd5+ 58. Qf3 Qg8+ 59. Kh1 Qh7+ 60. Kg1 Qg8+ 61. Qg3 Qc4 62. c7 Qc1+ 63. Kh2 Qc6 64. d5 Qh6+ 65. Kg1 Qa6 66. d6 Qa1+ 67. Kg2 Qa8+ 68. f3 Qa2+ 69. Kh3 Qe6 70. Qf4+ Kb5 71. Kg3 Qg8+ 72. Kh2 Qh7+ 73. Kg2 Qg8+ 74. Qg3 Qa2+ 75. Qf2 Qg8+ 76. Kf1 Kb6 77. Qb2+ Ka6 78. Qa3+ Kb5 79. Qd3+ Kb6 80. Qc3 Qc8 81. d7 Qa6+ 82. Ke1 Qa2 83. c8Q Qb1+ 84. Qc1 Qb4+ 85. Q8c3 Qh4+ 86. Kd1 Qa4+ 87. Q1c2 Qxd7+ 88. Qd4+ 1-0

[Event "SVK-ch U16"]
[Site "Stara Lubovna"]
[Date "2022.05.27"]
[Round "8"]
[White "Koska, Jiri"]
[Black "Janik, Marek Tobias"]
[Result "0-1"]
[WhiteElo "1759"]
[BlackElo "1840"]
[PlyCount "34"]
[EventDate "2022.05.21"]
[EventType "swiss"]
[EventRounds "9"]
[EventCountry "SVK"]
[SourceTitle "CBM 208 Extra"]
[Source "ChessBase"]
[SourceDate "2022.07.31"]
[SourceVersion "1"]
[SourceVersionDate "2022.07.31"]
[SourceQuality "1"]

1. d4 d5 2. Nf3 Nf6 3. g3 e6 4. Bg2 c5 5. 0-0 Nc6 6. c4 cxd4 7. Nxd4 Bc5 8. Nxc6 bxc6 9. Qc2 Bb6 10. Rd1 0-0 11. b3 Ng4 12. e3 Qf6 13. Bb2 Qh6 14. Bd4 Qxh2+ 15. Kf1 e5 16. Bxb6 axb6 17. cxd5 Ba6+ 0-1

[Event "SVK-ch U16"]
[Site "Stara Lubovna"]
[Date "2022.05.25"]
[Round "6"]
[White "Koska, Jiri"]
[Black "Baron, Patrik"]
[Result "1/2-1/2"]
[WhiteElo "1759"]
[BlackElo "1740"]
[PlyCount "70"]
[EventDate "2022.05.21"]
[EventType "swiss"]
[EventRounds "9"]
[EventCountry "SVK"]
[SourceTitle "CBM 208 Extra"]
[Source "ChessBase"]
[SourceDate "2022.07.31"]
[SourceVersion "1"]
[SourceVersionDate "2022.07.31"]
[SourceQuality "1"]

1. Nf3 d5 2. g3 c6 3. Bg2 Bg4 4. 0-0 Nd7 5. d3 Ngf6 6. Nbd2 e5 7. e4 Be7 8. Re1 Qc7 9. h3 Bh5 10. c3 0-0 11. Qc2 Rfe8 12. Nf1 Bg6 13. Nh4 Rad8 14. Nxg6 hxg6 15. Bg5 Bc5 16. b4 Bf8 17. Qb3 Nb6 18. Rad1 dxe4 19. Bxf6 gxf6 20. dxe4 Re6 21. Ne3 Red6 22. Bf1 Kg7 23. Nc4 Nxc4 24. Bxc4 b5 25. Be2 Be7 26. Rxd6 Rxd6 27. Rd1 Kf8 28. Rxd6 Qxd6 29. Qd1 Qxd1+ 30. Bxd1 Ke8 31. Kf1 Kd7 32. Ke2 c5 33. bxc5 Bxc5 34. g4 g5 35. f3 a5 1/2-1/2

[Event "SVK-chT1E 2122"]
[Site "Slovakia"]
[Date "2022.05.15"]
[Round "11.4"]
[White "Trebula, Jozef"]
[Black "Koska, Jiri"]
[Result "0-1"]
[WhiteElo "2083"]
[BlackElo "1759"]
[PlyCount "71"]
[EventDate "2022.01.29"]
[EventType "team-tourn"]
[EventRounds "11"]
[EventCountry "SVK"]
[SourceTitle "EXT 2023"]
[Source "ChessBase"]
[SourceDate "2022.10.05"]
[SourceVersion "1"]
[SourceVersionDate "2022.10.05"]
[SourceQuality "1"]
[WhiteTeam "Banska Bystrica Junior"]
[BlackTeam "Humenne Reinter II"]
[WhiteTeamCountry "SVK"]
[BlackTeamCountry "SVK"]

1. e4 c6 2. d4 d5 3. Nd2 dxe4 4. Nxe4 Bf5 5. Ng3 Bg6 6. Nh3 Nf6 7. Nf4 e6 8. h4 Ne4 9. Nxe4 Bxe4 10. f3 e5 11. fxe4 exf4 12. Bxf4 Bd6 13. e5 Be7 14. Bg3 Nd7 15. Bc4 Nb6 16. Be2 0-0 17. Qd3 Nd5 18. 0-0-0 b5 19. Kb1 Qa5 20. Qe4 Nb4 21. a3 Nd5 22. Bd3 g6 23. h5 Bxa3 24. Be1 b4 25. hxg6 Bxb2 26. gxf7+ Rxf7 27. Qg4+ Kf8 28. c4 Ne3 29. Kxb2 Qa3+ 30. Kb1 Nxg4 31. Rd2 Rb8 32. Rh3 b3 33. Be4 Rf1 34. Re2 Rxe1+ 35. Rxe1 Qa2+ 36. Kc1 0-1

[Event "EU-ch Schools U15"]
[Site "Tornelo INT"]
[Date "2021.12.10"]
[Round "2"]
[White "Yavuz, Efe Metehan"]
[Black "Koska, Jiri"]
[Result "1-0"]
[WhiteElo "2025"]
[BlackElo "1673"]
[PlyCount "69"]
[EventDate "2021.12.03"]
[EventType "swiss (rapid)"]
[EventRounds "7"]
[EventCountry "NET"]
[SourceTitle "EXT 2023"]
[Source "ChessBase"]
[SourceDate "2022.10.05"]
[SourceVersion "1"]
[SourceVersionDate "2022.10.05"]
[SourceQuality "1"]

1. e4 c6 2. Nc3 d5 3. Nf3 Nf6 4. e5 Ne4 5. d4 Nxc3 6. bxc3 Bg4 7. Bd3 e6 8. 0-0 Be7 9. h3 Bh5 10. a4 0-0 11. Be3 Nd7 12. c4 dxc4 13. Bxc4 Nb6 14. Bd3 Qc7 15. c3 Rad8 16. Qc2 Bg6 17. a5 Nd5 18. Bxg6 hxg6 19. c4 Nxe3 20. fxe3 c5 21. a6 b6 22. Rfd1 cxd4 23. exd4 Rc8 24. Rac1 Ba3 25. Ra1 Bb4 26. Rdc1 Rfd8 27. Qe4 Ba5 28. Qh4 Qd7 29. Rab1 Rc7 30. Kh2 Rdc8 31. Ng5 Rxc4 32. Rf1 Bd2 33. Qh7+ Kf8 34. Qh8+ Ke7 35. Rxf7# 1-0

[Event "EU-ch Schools U15"]
[Site "Tornelo INT"]
[Date "2021.12.04"]
[Round "4"]
[White "Cox, Lucian"]
[Black "Koska, Jiri"]
[Result "0-1"]
[WhiteElo "1061"]
[BlackElo "1673"]
[PlyCount "42"]
[EventDate "2021.12.03"]
[EventType "swiss (rapid)"]
[EventRounds "7"]
[EventCountry "NET"]
[SourceTitle "EXT 2023"]
[Source "ChessBase"]
[SourceDate "2022.10.05"]
[SourceVersion "1"]
[SourceVersionDate "2022.10.05"]
[SourceQuality "1"]

1. e4 c6 2. d4 d5 3. exd5 cxd5 4. c4 Nf6 5. Nc3 Nc6 6. Nf3 g6 7. Bf4 Bg7 8. Qb3 Na5 9. Qb5+ Bd7 10. Qb4 dxc4 11. Bxc4 Nxc4 12. Qxc4 0-0 13. 0-0 Rc8 14. Qb4 b6 15. Rfe1 Re8 16. Ne5 Nh5 17. Nxd7 Nxf4 18. Nxb6 axb6 19. Qb5 Qd6 20. Rad1 Qc6 21. Qb4 Qxg2# 0-1

[Event "EU-ch Schools U15"]
[Site "Tornelo INT"]
[Date "2021.12.04"]
[Round "5"]
[White "Koska, Jiri"]
[Black "Asgarov, Mahammad"]
[Result "1/2-1/2"]
[WhiteElo "1673"]
[BlackElo "1158"]
[PlyCount "107"]
[EventDate "2021.12.03"]
[EventType "swiss (rapid)"]
[EventRounds "7"]
[EventCountry "NET"]
[SourceTitle "EXT 2023"]
[Source "ChessBase"]
[SourceDate "2022.10.05"]
[SourceVersion "1"]
[SourceVersionDate "2022.10.05"]
[SourceQuality "1"]

1. e4 c5 2. Nf3 Nc6 3. Nc3 e6 4. d4 cxd4 5. Nxd4 Bc5 6. Be3 Nxd4 7. Bxd4 Bxd4 8. Qxd4 Qf6 9. 0-0-0 Qxd4 10. Rxd4 Nf6 11. e5 Ng8 12. Nb5 Kd8 13. Nd6 Ke7 14. Rf4 f6 15. Nc4 b5 16. exf6+ Nxf6 17. Ne5 a6 18. g4 Bb7 19. Rg1 d6 20. g5 dxe5 21. gxf6+ gxf6 22. Rfg4 Kd6 23. Rg7 Bd5 24. Bg2 Rac8 25. Bxd5 exd5 26. Ra7 Rc6 27. Rgg7 Rhc8 28. c3 b4 29. Kd2 bxc3+ 30. bxc3 Rxc3 31. Rxa6+ R3c6 32. Rxc6+ Rxc6 33. Rxh7 Ra6 34. h4 Rxa2+ 35. Ke1 d4 36. h5 d3 37. h6 Ra8 38. Kd2 e4 39. Rb7 Rh8 40. Rb4 Ke5 41. f3 f5 42. fxe4 fxe4 43. Rb5+ Kf4 44. Rb6 Kg5 45. Re6 Kf5 46. Rc6 Rh7 47. Rd6 Kf4 48. Rf6+ Ke5 49. Rc6 Kf5 50. Rb6 Kg5 51. Re6 Kf4 52. Rf6+ Ke5 53. Rc6 Kf4 54. Rf6+ 1/2-1/2

[Event "SVK-ch U14 rapid"]
[Site "Nitra"]
[Date "2021.09.11"]
[Round "4"]
[White "Koska, Jiri"]
[Black "Rakovsky, Jakub"]
[Result "1-0"]
[WhiteElo "1480"]
[BlackElo "1667"]
[PlyCount "79"]
[EventDate "2021.09.11"]
[EventType "swiss (rapid)"]
[EventRounds "7"]
[EventCountry "SVK"]
[SourceTitle "EXT 2023"]
[Source "ChessBase"]
[SourceDate "2022.10.05"]
[SourceVersion "1"]
[SourceVersionDate "2022.10.05"]
[SourceQuality "1"]

1. e4 e5 2. Nf3 Nc6 3. Bc4 Bc5 4. c3 Nf6 5. d3 d6 6. h3 0-0 7. 0-0 Ne7 8. Nbd2 Ng6 9. Re1 Bb6 10. Nf1 Be6 11. Bb5 c6 12. Ba4 Bc7 13. Ng3 d5 14. Qe2 Nf4 15. Bxf4 exf4 16. Nf1 Re8 17. e5 Bf5 18. Qd2 Nh5 19. d4 f6 20. exf6 Qxf6 21. Rxe8+ Rxe8 22. Re1 Be4 23. N1h2 Qg6 24. Bb3 Nf6 25. c4 h5 26. cxd5 cxd5 27. Rc1 Bd6 28. Ba4 Rf8 29. Qa5 Bb8 30. Qb4 b6 31. Rc6 Qf5 32. Nh4 Qh7 33. Qe7 Re8 34. Qb7 Bd3 35. Rc8 Qe4 36. N4f3 b5 37. Bb3 Bc4 38. Bxc4 bxc4 39. Qxb8 Qb1+ 40. Nf1 1-0

[Event "SVK-ch U14 rapid"]
[Site "Nitra"]
[Date "2021.09.11"]
[Round "7"]
[White "Koska, Jiri"]
[Black "Sitar, Andrej"]
[Result "1-0"]
[WhiteElo "1480"]
[BlackElo "1170"]
[PlyCount "89"]
[EventDate "2021.09.11"]
[EventType "swiss (rapid)"]
[EventRounds "7"]
[EventCountry "SVK"]
[SourceTitle "EXT 2023"]
[Source "ChessBase"]
[SourceDate "2022.10.05"]
[SourceVersion "1"]
[SourceVersionDate "2022.10.05"]
[SourceQuality "1"]

1. e4 e6 2. d4 d5 3. Nd2 Nf6 4. Bd3 Be7 5. Ngf3 0-0 6. Qe2 c5 7. dxc5 Bxc5 8. 0-0 Nc6 9. Re1 Qb6 10. h3 Nb4 11. a3 Nxd3 12. cxd3 Bd7 13. b4 Bd6 14. e5 Bxe5 15. Nxe5 Qd4 16. Nxd7 Nxd7 17. Rb1 Rac8 18. Bb2 Qf4 19. Qg4 Qxg4 20. hxg4 Rc2 21. Nb3 Rcc8 22. Rbc1 Nb6 23. Rxc8 Rxc8 24. Rc1 Rxc1+ 25. Bxc1 Na4 26. Kf1 Nc3 27. Nc5 b6 28. Nd7 f6 29. Nb8 Kf7 30. Nc6 a5 31. bxa5 bxa5 32. Nxa5 Ke7 33. Ke1 Kd6 34. Kd2 Nb5 35. a4 Nd4 36. Bb2 Nc6 37. Nxc6 Kxc6 38. Kc3 Kc5 39. Ba3+ Kb6 40. Bf8 g6 41. Be7 f5 42. gxf5 exf5 43. f4 Ka5 44. Kb3 h5 45. g3 1-0